Statistics for U.S. States with the Greatest Differences in Elevation

Click here to take the quiz!

General Stats

  • This quiz has been taken 36 times
  • The average score is 12 of 12

Answer Stats

Difference (ft.)State% Correct
20,314Alaska
100%
14,787California
100%
11,123Colorado
100%
11,952Idaho
100%
11,239Oregon
100%
11,178Utah
100%
14,410Washington
100%
12,659Nevada
97%
12,565Arizona
94%
13,803Hawaii
94%
10,987Montana
94%
10,705Wyoming
89%

Score Distribution

Percentile by Number Answered

Percent of People with Each Score

Your Score History

You have not taken this quiz